Statistics for FC Barcelona Players By Market Value (2022/23 Season)

Click here to take the quiz!

General Stats

  • This quiz has been taken 303 times
    (149 since last reset)
  • The average score is 9 of 16

Answer Stats

Market ValuePlayer% Correct
€100.00mPedri
99%
€90.00mGavi
98%
€70.00mRonald Araújo
84%
€60.00mJules Koundé/Ousmane Dembélé/Frenkie de Jong
82%
€40.00mRobert Lewandowski/Marc-André ter Stegen
74%
€30.00mAndreas Christensen/Ferran Torres/Álex Balde
64%
€50.00mRaphinha
62%
€35.00mAnsu Fati
53%
€5.00mJordi Alba/Sergio Busquets
45%
€28.00mFranck Kessié
42%
€6.00mSergi Roberto
39%
€12.00mEric García
37%
€7.00mMarcos Alonso
30%
€4.00mIñaki Peña
24%
€3.00mPablo Torre
17%
€2.00mArnau Tenas
14%

Score Distribution

Percentile by Number Answered

Percent of People with Each Score

Your Score History

You have not taken this quiz since the last reset